01174cam a2200253 450000500170000000800410001702000150005805000220007324503090009525000110040426000640041530000280047950400520050750600210055965100590058070000330063970000300067270000380070270000280074070000380076870000400080670000340084670000400088020250905121920.0031007s1996 ag 000 0 spa u a950508464104aKHA2938bJ47 199600aJerarquía constitucional de los tratados internacionales b : Fundamentos, Tratados de derechos humanos, Operatividad, Tratados de integración, Acciones positivas, Derecho a la vida, Derecho de réplica c / autores Juan Pablo Cafiero,...[et al] ; directores Juan Carlos Vega, Marisa Adriana Graham. a1a ed. aBuenos Aires :bAstrea de Alfredo y Ricardo Depalma, c1996 axxiii, 329 p. ;c20 cm. aIncluye apéndice, bibliografía : p. 327-329 aRecurso D. G. B. 72lembaArgentina xRelaciones internacionalesxTratados1 aCafiero, Juan Pablo, eautor1 aFaur, Marta Ruth, eautor1 aLlamosas, Esteban Miguel, eautor1 aMéndez, Juan, eautor1 aPonce de León, Rodolfo, eautor1 aVallejos, Cristina María, eautor1 aVega, Juan Carlos, edirector1 aGraham, Marisa Adriana, edirectora